Quiz sur Le Pays de Galles - Statistiques

Statistiques générales
  • Ce quiz a été pris 44 fois
  • Le résultat moyen est 7 sur 20
Statistiques - réponses
Hint Réponse % Correct
Nation frontalière Angleterre
98%
Capitale Cardiff
98%
Langues officielles Gallois | Anglais
86%
Animal emblématique dragon
83%
Couleur du drapeau Rouge | blanc | vert | noir
79%
Monnaie livre sterling
69%
Fuseau horaire +1
40%
Domaine internet .wales | .cymru
26%
Indicatif téléphonique +44
17%
Point culminant Mont Snowdon
10%
IDH 0,918
5%
Hauteur de celui-ci 1 085 mètres
5%
Densité 151 habitants/km²
5%
Superficie 20 779 km²
5%
PIB par habitant 23 900 £
5%
Nombre d'habitants 3 136 000
5%
PIB 75 milliards £
5%
Plat national Cawl
5%
Plus grand lac lac Bala
5%
Devise (traduction en français) pays de Galles pour toujours
5%
Aucun quiz correspondant
Distribution des résultats
% des personnes avec chaque résultat
Percentile par nombre de réponses
Votre historique - résultats
Vous n’avez pas pris ce quiz